Pamätnica päťdesiat rokov samostatnosti Slovenskej evanjelickej a.v. cirkvi v SFR Juhoslávii : 1921-1971

Bibliographic Details
Corporate Author: Slovenská evanjelická cirkev a.v. Nový Sad, Juhoslávia (Author)
Other Authors: Struhárik, Juro (Editor)
Format: Book
Language:Slovak
PhysicalDescription:96 s. fotogr. 22 cm
Published: Nový Sad Biskupský úrad Slovenskej evanjelickej a.v. cirkvi v SFRJ 1971
Subjects:

MARC

LEADER 00000nam a2200000 a 4500
001 vtls001326158
003 SK-MaSNL
005 20260301101723.0
008 210928s1971 YU a r 0 slo
015 |a SNBZSA2001-00063 
035 |a SNK000278926 
040 |a SNK  |b slo  |c SNK  |e AACR2 
041 0 |a slo 
044 |a YU 
080 |a 284.1(=854)(497.1)"1921/1971"(082)  |2 1981 
080 |a 323.15(=854)(497.1):284.1"1921/1971"  |2 1981 
110 0 |a Slovenská evanjelická cirkev a.v. Nový Sad, Juhoslávia  |4 aut  |9 64275 
245 1 0 |a Pamätnica  |b päťdesiat rokov samostatnosti Slovenskej evanjelickej a.v. cirkvi v SFR Juhoslávii : 1921-1971  |c [zredigoval: Juro Struhárik] 
260 |a Nový Sad  |b Biskupský úrad Slovenskej evanjelickej a.v. cirkvi v SFRJ  |c 1971  |e Báčsky Petrovec  |f Obzor 
300 |a 96 s.  |b fotogr.  |c 22 cm 
504 |a Schematizmus 
610 0 7 |a Slovenská evanjelická cirkev a.v. v Juhoslávii  |y 1921-1971  |x pamätnice  |2 SNK  |9 436384 
655 7 |a zbierky  |2 SNK  |9 70533 
700 1 |a Struhárik, Juro  |4 edt  |4 red  |9 436385 
958 |a ZS 
958 |a TL 
958 |a NT 
958 |a YU 
958 |a ZB 
958 |a OND 
999 |c 690137  |d 692067 
952 |t P60, <03>, [BOOK], {603}  |a SNK  |b SNK  |y PREZ  |7 0  |p 17A0231167  |o snkSC 44844  |0 0  |1 0  |4 0  |d 1998-03-27  |l 0  |r 2025-10-23 00:00:00  |w 2026-02-23 
952 |t P60, <04>, [BOOK], {604}  |a SNK  |b SNK  |y VYP  |7 0  |p 17A0122888  |o snkSC 44844 D1  |i snkK 787/98  |0 0  |1 0  |4 0  |d 1998-03-27  |l 0  |r 2005-01-02 00:00:00  |w 2026-02-23 
952 |t P60, <04>, [BOOK], {604}  |a SNK  |b SNK  |y VYP  |7 0  |p 17A0298438  |o snkSC 44844 D2  |i snkD 536/2001  |0 0  |1 0  |4 0  |d 2001-04-27  |l 0  |r 2005-01-02 00:00:00  |w 2026-02-23